Tilastot visalle Suomen kaksikieliset kunnat

Klikkaa tästä pelataksesi tätä visaa!

Yleistilastot

  • Tätä visaa on pelattu 88 kertaa
    (80 viimeisimmän päivityksen jälkeen)
  • Keskiarvotulos 29 / 37

Vastaustilastot

% Oikein
UusimaaEspoo
96%
UusimaaHelsinki
96%
PohjanmaaVaasa
96%
Varsinais-SuomiTurku
95%
UusimaaVantaa
91%
Keski-PohjanmaaKokkola
89%
PohjanmaaPietarsaari
89%
UusimaaSipoo
89%
UusimaaHanko
88%
UusimaaPorvoo
88%
UusimaaLoviisa
86%
UusimaaRaasepori
86%
PohjanmaaUusikaarlepyy
86%
LappiInari
84%
LappiEnontekiö
82%
UusimaaKirkkonummi
82%
PohjanmaaKristiinankaupunki
82%
PohjanmaaNärpiö
82%
LappiUtsjoki
82%
UusimaaInkoo
81%
UusimaaKauniainen
79%
PohjanmaaMustasaari
77%
PohjanmaaPedersöre
77%
UusimaaLohja
75%
PohjanmaaMaalahti
75%
UusimaaSiuntio
75%
LappiSodankylä
75%
PohjanmaaKruunupyy
74%
PohjanmaaVöyri
74%
PohjanmaaKorsnäs
72%
Varsinais-SuomiParainen
70%
PohjanmaaKaskinen
68%
KymenlaaksoPyhtää
67%
Varsinais-SuomiKemiönsaari
65%
PohjanmaaLuoto
65%
UusimaaLapinjärvi
53%
UusimaaMyrskylä
51%

Tulosjakauma

Persentiili vastausten määrän mukaan

Jokaisen tuloksen saaneiden osuus

Tuloshistoriasi

Et ole pelannut tätä visaa sen viimeisimmän päivityksen jälkeen